Küçük güzeldir (Record no. 11818)

MARC details
000 -BAŞLIK
Sabit Uzunlukta Kontrol Alanı 00731na a2200253 4500
001 - KONTROL NUMARASI
Denetim Alanı 24443
003 - KONTROL NUMARASI IDENTIFIER
Denetim Alanı MIRAKIL
005 - SON İŞLEM TARİHİ VE ZAMANI
Denetim Alanı 20181226104235.0
008 - SABİT-BOY VERİ ELEMANLARI - GENEL BİLGİLER
Sabit Uzunlukta Kontrol Alanı 181017b tu 000 0
020 ## - ULUSLARARASI STANDART KİTAP NUMARASI
Uluslararası Standart Kitap Numarası 9754800111
041 ## - DİL KODU
Metin / Ses Parça Veya Ayrı Başlığın Dil Kodu tur
082 ## - DEWEY ONLU SINIFLANDIRMA NUMARASI
Sınıflandırma Numarası 330
Ürün Numarası S13k 1989
090 ## - SINIFLAMA NUMARASI
Sınıflama Numarası 330 S13k 1989
100 ## - ANA GİRİŞ - KİŞİSEL İSİM
Kişisel Ad Schumacher, Ernest Friedrich
245 ## - BAŞLIK TABLOSU
Başlık Küçük güzeldir
Sorumluluk Tablosu, Vb E. F. Schumacher ; Türkçeye aktaran: Osman Deniztekin
260 ## - YAYIN, DAĞITIM, VB
Yayın, Dağıtım, Vb Yeri İstanbul
Yayıncı, Dağıtıcı, Vs Adı Cep kitapları
Yayın, Dağıtım, Vb Tarihi 1989
Üretici Firma Kurtiş Matbaası
300 ## - FİZİKSEL TANIM
Kapsam 230 s
Boyutlar 20 sm.
440 ## - SERİSİ TABLOSU / KATMA GİRİŞİ - BAŞLIK
Başlık Cep kitapları
Hacim / Ardışık Tanımı 61
490 ## - SERİSİ TABLOSU
Seri Beyanı Düşün dizisi
Hacim / Ardışık Tanımı 2
500 ## - GENEL NOT
Genel Not Özgün yapıt adı: Small is a beatiful
650 ## - KONU KATMA GİRİŞ - TOPİKAL DÖNEM
Topikal Süreli Veya Coğrafi Ad Giriş Elemanı Ekonomi
942 ## - EKLENDİ GİRİŞ ELEMANLARI (KOHA)
Sınıflandırma Veya Raf Düzeni Kaynak Dewey Decimal Classification
Koha Öğesi Türü Books
040 ## - KATALOGLAMA KAYNAK
Orijinal Kataloglama Ajansı Milas
Kataloglama Dili tur
Metne Dönüştürmek Ajansı TR-AnCHP
999 ## - SİSTEM KONTROL NUMARALARI (KOHA)
Koha Biblionumber 11818
Koha Biblioitemnumber 11818
Holdings
Kullanım Kısıtlamaları Kalıcı Konum Mevcut Konum Edinme Tarihi Toplam Check-Out'Lar Tam Çağrı Numarası Barkod Tarih Son Görülme İtibaren Geçerli Fiyatlar Sigara Kamu Notu Koha Öğesi Türü
  Parti Okulu Kütüphanesi Parti Okulu Kütüphanesi 10/17/2018   330 S13k 1989 P00214 10/17/2018 10/17/2018 Books